<?xml version="1.0" encoding="UTF-8"?>
<collection xmlns="http://www.loc.gov/MARC21/slim">
    <record>
        <controlfield tag="001">69990</controlfield>
        <controlfield tag="005">20200113145617.0</controlfield>
        <datafield tag="024" ind1="7" ind2=" ">
            <subfield code="2">doi</subfield>
            <subfield code="a">10.1016/j.jvir.2018.01.256</subfield>
        </datafield>
        <datafield tag="024" ind1="8" ind2=" ">
            <subfield code="2">sideral</subfield>
            <subfield code="a">105058</subfield>
        </datafield>
        <datafield tag="037" ind1=" " ind2=" ">
            <subfield code="a">ART-2018-105058</subfield>
        </datafield>
        <datafield tag="041" ind1=" " ind2=" ">
            <subfield code="a">eng</subfield>
        </datafield>
        <datafield tag="100" ind1=" " ind2=" ">
            <subfield code="a">Guirola, A</subfield>
        </datafield>
        <datafield tag="245" ind1=" " ind2=" ">
            <subfield code="a">The thromboaspiration with INDIGO system reduces the time and dose of fibrinolysis and improves the results in massive pulmonary embolism in comparison with catheter fragmentation (previous cohort study)</subfield>
        </datafield>
        <datafield tag="260" ind1=" " ind2=" ">
            <subfield code="c">2018</subfield>
        </datafield>
        <datafield tag="506" ind1="0" ind2=" ">
            <subfield code="a">Access copy available to the general public</subfield>
            <subfield code="f">Unrestricted</subfield>
        </datafield>
        <datafield tag="520" ind1="3" ind2=" ">
            <subfield code="a">Purpose: Determine if thromboaspiration with indigo system improves short- and medium-term outcomes compared with interventional treatment of choice for pulmonary embolism (PE) (mechanical thrombolysis + catheter-directed thrombolytic therapy).</subfield>
        </datafield>
        <datafield tag="540" ind1=" " ind2=" ">
            <subfield code="9">info:eu-repo/semantics/openAccess</subfield>
            <subfield code="a">by</subfield>
            <subfield code="u">http://creativecommons.org/licenses/by/3.0/es/</subfield>
        </datafield>
        <datafield tag="590" ind1=" " ind2=" ">
            <subfield code="a">2.828</subfield>
            <subfield code="b">2018</subfield>
        </datafield>
        <datafield tag="591" ind1=" " ind2=" ">
            <subfield code="a">RADIOLOGY, NUCLEAR MEDICINE &amp; MEDICAL IMAGING</subfield>
            <subfield code="b">44 / 129 = 0.341</subfield>
            <subfield code="c">2018</subfield>
            <subfield code="d">Q2</subfield>
            <subfield code="e">T2</subfield>
        </datafield>
        <datafield tag="591" ind1=" " ind2=" ">
            <subfield code="a">PERIPHERAL VASCULAR DISEASE</subfield>
            <subfield code="b">27 / 65 = 0.415</subfield>
            <subfield code="c">2018</subfield>
            <subfield code="d">Q2</subfield>
            <subfield code="e">T2</subfield>
        </datafield>
        <datafield tag="592" ind1=" " ind2=" ">
            <subfield code="a">0.912</subfield>
            <subfield code="b">2018</subfield>
        </datafield>
        <datafield tag="593" ind1=" " ind2=" ">
            <subfield code="a">Cardiology and Cardiovascular Medicine</subfield>
            <subfield code="c">2018</subfield>
            <subfield code="d">Q1</subfield>
        </datafield>
        <datafield tag="593" ind1=" " ind2=" ">
            <subfield code="a">Radiology, Nuclear Medicine and Imaging</subfield>
            <subfield code="c">2018</subfield>
            <subfield code="d">Q1</subfield>
        </datafield>
        <datafield tag="593" ind1=" " ind2=" ">
            <subfield code="a">Medicine (miscellaneous)</subfield>
            <subfield code="c">2018</subfield>
            <subfield code="d">Q1</subfield>
        </datafield>
        <datafield tag="655" ind1=" " ind2="4">
            <subfield code="a">info:eu-repo/semantics/conferenceObject</subfield>
            <subfield code="v">info:eu-repo/semantics/acceptedVersion</subfield>
        </datafield>
        <datafield tag="700" ind1=" " ind2=" ">
            <subfield code="a">Serrano-Casorran C</subfield>
        </datafield>
        <datafield tag="700" ind1=" " ind2=" ">
            <subfield code="a">Jimenez, D</subfield>
        </datafield>
        <datafield tag="700" ind1=" " ind2=" ">
            <subfield code="a">Sanchez , M</subfield>
        </datafield>
        <datafield tag="700" ind1=" " ind2=" ">
            <subfield code="a">Figueroa, A, Kuo W</subfield>
        </datafield>
        <datafield tag="700" ind1=" " ind2=" ">
            <subfield code="0">(orcid)0000-0002-5618-7519</subfield>
            <subfield code="a">Gregorio , MA</subfield>
            <subfield code="u">Universidad de Zaragoza</subfield>
        </datafield>
        <datafield tag="710" ind1="2" ind2=" ">
            <subfield code="1">1010</subfield>
            <subfield code="2">770</subfield>
            <subfield code="a">Universidad de Zaragoza</subfield>
            <subfield code="b">Dpto. Pediatría Radiol.Med.Fís</subfield>
            <subfield code="c">Área Radiol. y Medicina Física</subfield>
        </datafield>
        <datafield tag="773" ind1=" " ind2=" ">
            <subfield code="g">29, 4 Suppl. (2018), S99-S100</subfield>
            <subfield code="p">J. vasc. interv. radiol.</subfield>
            <subfield code="t">Journal of vascular and interventional radiology</subfield>
            <subfield code="x">1051-0443</subfield>
        </datafield>
        <datafield tag="856" ind1="4" ind2=" ">
            <subfield code="s">74640</subfield>
            <subfield code="u">http://zaguan.unizar.es/record/69990/files/texto_completo.pdf</subfield>
            <subfield code="y">Postprint</subfield>
        </datafield>
        <datafield tag="856" ind1="4" ind2=" ">
            <subfield code="s">129378</subfield>
            <subfield code="u">http://zaguan.unizar.es/record/69990/files/texto_completo.jpg?subformat=icon</subfield>
            <subfield code="x">icon</subfield>
            <subfield code="y">Postprint</subfield>
        </datafield>
        <datafield tag="909" ind1="C" ind2="O">
            <subfield code="o">oai:zaguan.unizar.es:69990</subfield>
            <subfield code="p">articulos</subfield>
            <subfield code="p">driver</subfield>
        </datafield>
        <datafield tag="951" ind1=" " ind2=" ">
            <subfield code="a">2020-01-13-14:53:39</subfield>
        </datafield>
        <datafield tag="980" ind1=" " ind2=" ">
            <subfield code="a">ARTICLE</subfield>
        </datafield>
    </record>

    
</collection>